| 000 | 00516nam a2200145 i 4500 | ||
|---|---|---|---|
| 001 | 26336 | ||
| 003 | ES-MaACL | ||
| 007 | t| | ||
| 008 | 030108s1927 sp ||||1| spa d | ||
| 100 | 1 |
_aArthus, Maurice. _923462 |
|
| 245 | 1 | 0 |
_aCompendio de Química fisiológica / _cpor Maurice Arthus ; segunda edición española traducida de la décima edición francesa. |
| 260 |
_aBarcelona : _b[s.n., _c1927] ( _fEstab. Tipográfico Salvat) |
||
| 300 |
_aVIII, 473 p., 6 lám. ; _c22 cm. |
||
| 852 |
_aES-MaACL _jB-9240 _bR.18282 |
||
| 999 |
_c26336 _d26336 |
||